Principios de fisiología vegetal /

Guardado en:
Otros Autores: Montaldi, Edgardo R.
Formato: Libro
Idioma:Spanish
Publicado: La Plata : Ediciones Sur, 1995.
Etiquetas: Agregar Etiqueta
Sin Etiquetas, Sea el primero en etiquetar este registro!
LEADER 00666nam a22001815a 4500
001 EEA.libagro009115
005 20170714111819.0
008 041125s1995####ag#a##########000#0#spa#d
020 |a 9509715360 
082 0 4 |a 581.1 
245 0 0 |a Principios de fisiología vegetal /  |c Edgardo R. Montaldi. 
260 |a La Plata :  |b Ediciones Sur,  |c 1995. 
300 |a 298 p. :  |b il. ;  |c 28 cm. 
700 1 |a Montaldi, Edgardo R. 
859 |a AR-BbBCA  |b BIB. AGRONOMIA  |h 581.1  |i M762  |p 1999/3570 
859 |a AR-BbBCA  |b BIB. AGRONOMIA  |h 581.1  |i M762  |p 1999/3571  |t Ej.2 
859 |a AR-BbBCA  |b BIB. AGRONOMIA  |h 581.1  |i M762  |p 1999/3572  |t Ej.3 
859 |a AR-BbBCA  |b BIB. AGRONOMIA  |h 581.1  |i M762  |p 1999/3573  |t Ej.4